000 01165cab a2200313 4500
001 ABS50102
008 090401t1994 xxu||||| |||| 00| 0 eng d
035 _a(Sirsi) u74182
041 _aeng
245 _aMuseums and art galleries
260 _c1994
350 _a0
490 _aBRE Building Renewal
_v25 February 1994 (LOAN)
520 _aIllustrates the special requirements for the refurbishment of museums and art galleries, often historic buildings, with reports on the London Transport Museum, Gas Hall in Birmingham and the Austriam Museum of Applied Art.
650 _aBUILT ENVIRONMENT-BUILDING ELEMENTS-COMPLETE BUILDING SERVICES ELEMENTS-COMPLETE HEATING, VENTILATION AND AIR CONDITIONING SYSTEMS
650 _aAUSTRIAN MUSEUM OF APPLIED ART
650 _aBUILT ENVIRONMENT-CONSTRUCTION DESIGN
650 _aGALLERIES
650 _aGAS HALL
650 _aHISTORIC BUILDINGS
650 _aLIGHTING
650 _aLONDON TRANSPORT MUSEUM
650 _aMEZZANINE
650 _aMUSEUMS
650 _aBUILT ENVIRONMENT-BUILDING MAINTENANCE AND REFURBISHMENT
690 _aRefurbishment
_96264
942 _n0
948 _c04/03/1997
999 _c46825
_d46825